<?xml version="1.0" encoding="UTF-8"?>
<record
    xmlns:xsi="http://www.w3.org/2001/XMLSchema-instance"
    xsi:schemaLocation="http://www.loc.gov/MARC21/slim http://www.loc.gov/standards/marcxml/schema/MARC21slim.xsd"
    xmlns="http://www.loc.gov/MARC21/slim">

  <leader>01932nam a2200253 a 4500</leader>
  <controlfield tag="001">ASIN1439801711</controlfield>
  <controlfield tag="003">Nust- CAS-E0</controlfield>
  <controlfield tag="005">20180118181355.0</controlfield>
  <controlfield tag="008">140221s2010    xxu                 eng d</controlfield>
  <datafield tag="020" ind1=" " ind2=" ">
    <subfield code="a">1439801711 </subfield>
    <subfield code="c">$249.95</subfield>
  </datafield>
  <datafield tag="020" ind1=" " ind2=" ">
    <subfield code="a">9781439801710 </subfield>
  </datafield>
  <datafield tag="040" ind1=" " ind2=" ">
    <subfield code="c">0</subfield>
  </datafield>
  <datafield tag="050" ind1="0" ind2="4">
    <subfield code="a">TP248.65.L54</subfield>
  </datafield>
  <datafield tag="082" ind1="0" ind2="4">
    <subfield code="a">662</subfield>
    <subfield code="b">BIO 2010</subfield>
  </datafield>
  <datafield tag="245" ind1="1" ind2="0">
    <subfield code="a">Bioalcohol production :</subfield>
    <subfield code="b">biochemical conversion of lignocellulosic biomass /</subfield>
    <subfield code="c">K. Waldron.</subfield>
  </datafield>
  <datafield tag="250" ind1=" " ind2=" ">
    <subfield code="a">1st ed.</subfield>
  </datafield>
  <datafield tag="260" ind1=" " ind2=" ">
    <subfield code="a">[S.l.] :</subfield>
    <subfield code="b">CRC Press,</subfield>
    <subfield code="c">2010.</subfield>
  </datafield>
  <datafield tag="300" ind1=" " ind2=" ">
    <subfield code="a">496 p. ;</subfield>
    <subfield code="c">24 cm.</subfield>
  </datafield>
  <datafield tag="520" ind1=" " ind2=" ">
    <subfield code="a">Bioethanol is one of the main biofuels capable of substituting petroleum usage in vehicles, and has had one of the largest impacts to date. The first generation of bioethanol production has had a worldwide impact, though it is restricted by energy intensive grain-to-bioethanol production technology, and land usage pressures (food vs. fuel). The development of second generation production technology, producing a wider range of bioalcohols from lignocellulosic biomass, removes many of the obstacles and expenses that first generation production faces. This book provides a comprehensive and timely reference on the biochemical conversion of lignocellulosic biomass for the production of fuel alcohols, expertly reviewing the development of the entire second-generation bioalcohol production chain. The book covers the process engineering, technology, modeling, and integration of the entire production chain, from feedstock pretreatment on to hydrolysis, to fermentation, and on to purification. The book primarily covers the production of bioethanol, but extends into coverage of the production of longer-chain bioalcohols that will be elemental to future biofuel utilization.</subfield>
  </datafield>
  <datafield tag="650" ind1=" " ind2="0">
    <subfield code="a">Lignocellulose--Biotechnology</subfield>
  </datafield>
  <datafield tag="700" ind1="1" ind2=" ">
    <subfield code="a">Waldron, K.</subfield>
  </datafield>
  <datafield tag="856" ind1="4" ind2="0">
    <subfield code="3">Amazon.com</subfield>
    <subfield code="u">http://www.amazon.com/exec/obidos/ASIN/1439801711/chopaconline-20</subfield>
  </datafield>
  <datafield tag="942" ind1=" " ind2=" ">
    <subfield code="2">ddc</subfield>
    <subfield code="c">BK</subfield>
  </datafield>
  <datafield tag="999" ind1=" " ind2=" ">
    <subfield code="c">355256</subfield>
    <subfield code="d">355256</subfield>
  </datafield>
  <datafield tag="952" ind1=" " ind2=" ">
    <subfield code="0">0</subfield>
    <subfield code="1">0</subfield>
    <subfield code="2">ddc </subfield>
    <subfield code="4">0</subfield>
    <subfield code="7">0</subfield>
    <subfield code="a">CAS-E</subfield>
    <subfield code="b">CAS-E</subfield>
    <subfield code="c">GEN</subfield>
    <subfield code="d">2013-04-12</subfield>
    <subfield code="e">Victoria co</subfield>
    <subfield code="l">0</subfield>
    <subfield code="o">662 BIO 2010</subfield>
    <subfield code="p">CAS-E0000122</subfield>
    <subfield code="r">2014-02-21</subfield>
    <subfield code="t">01</subfield>
    <subfield code="v">54842.00</subfield>
    <subfield code="w">2014-02-21</subfield>
    <subfield code="y">BK</subfield>
  </datafield>
  <datafield tag="952" ind1=" " ind2=" ">
    <subfield code="0">0</subfield>
    <subfield code="1">0</subfield>
    <subfield code="2">ddc </subfield>
    <subfield code="4">0</subfield>
    <subfield code="7">0</subfield>
    <subfield code="a">CAS-E</subfield>
    <subfield code="b">CAS-E</subfield>
    <subfield code="c">GEN</subfield>
    <subfield code="d">2013-04-12</subfield>
    <subfield code="e">Victoria co</subfield>
    <subfield code="l">0</subfield>
    <subfield code="o">662 BIO 2010</subfield>
    <subfield code="p">CAS-E0000123</subfield>
    <subfield code="r">2014-02-21</subfield>
    <subfield code="t">02</subfield>
    <subfield code="v">54842.00</subfield>
    <subfield code="w">2014-02-21</subfield>
    <subfield code="y">BK</subfield>
  </datafield>
</record>
